Riding Match: British Columbia's MLAs - Statistics

General Stats
  • This quiz has been taken 8 times
  • The average score is 17 of 22
Answer Stats
Hint Answer % Correct
Rob Botterell Saanich North and The Islands
100%
David Eby Vancouver-Point Grey
100%
Jeremy Valeriote West Vancouver-Sea To Sky
100%
Bruce Banman Abbotsford South
83%
A'aliya Warbus Chilliwack-Cultus Lake
83%
John Rustad Nechako Lakes
83%
Bowinn Ma North Vancouver-Lonsdale
83%
Teresa Wat Richmond-Bridgeport
83%
Amna Shah Surrey City Centre
83%
Elenore Sturko Surrey-Cloverdale
83%
Mandeep Dhaliwal Surrey North
83%
Brent Chapman Surrey South
83%
Mable Elmore Vancouver-Kensington
83%
Grace Lore Victoria-Beacon Hill
83%
Sharon Hartwell Bulkley Valley-Stitkine
67%
Ravi Kahlon Delta North
67%
Ian Paton Delta South
67%
Jennifer Whiteside New Westminster-Coquitlam
67%
Adrian Dix Vancouver-Renfrew
67%
Spencer Chandra Herbert Vancouver-West End
67%
Raj Chouhan Burnaby-New Westminister
50%
Lisa Beare Maple Ridge-Pitt Meadows
50%
No matching quizzes found
Score Distribution
Percent of People with Each Score
Percentile by Number Answered
Your Score History
You have not taken this quiz